Japanese Football Clubs by Home Town Location - Statistics

General Stats
  • This quiz has been taken 22 times
  • The average score is 59 of 210
Answers on the Map
Answers color-coded by a green-red scale on the quiz's map according to % correct below.
 
Answer Stats
Answer % Correct
Yokohama F.C. 横浜FC
94%
Gamba Osaka ガンバ大阪
89%
Kashima Antlers 鹿島アントラーズ
89%
Kashiwa Reysol 柏レイソル
89%
Kawasaki Frontale 川崎フロンターレ
89%
Sagan Tosu サガン鳥栖
89%
Sports & Society Izu SS伊豆
89%
Avispa Fukuoka アビスパ福岡
83%
Cerezo Osaka セレッソ大阪
83%
JEF United Ichihara Chiba ジェフユナイテッド市原・千葉
83%
Kyoto Sanga F.C. 京都サンガF.C.
83%
Shonan Bellmare 湘南ベルマーレ
83%
Tokyo 23 F.C. 東京23フットボールクラブ
83%
Yokohama F. Marinos 横浜F・マリノス
83%
Albirex Niigata 新潟アルビレックス
78%
F.C.Gifu FC岐阜
78%
F.C. Gifu SECOND FC岐阜SECOND
78%
Mito HollyHock 水戸ホーリーホック
78%
Nagoya Grampus 名古屋グランパス
78%
Vissel Kobe ヴィッセル神戸
78%
F.C. Machida Zelvia FC町田ゼルビア
72%
F.C. Osaka FC大阪
72%
Fukui United F.C. 福井ユナイテッドFC
72%
Fukushima United FC 福島ユナイテッドFC
72%
Jubilo Iwata ジュビロ磐田
72%
Kagoshima United FC 鹿児島ユナイテッドFC
72%
Kochi United SC 高知ユナイテッドSC
72%
Nara Club 奈良クラブ
72%
Oshu United F.C. 奥州ユナイテッドFC
72%
Sanfrecce Hiroshima サンフレッチェ広島
72%
Shimizu S-Pulse 清水エスパルス
72%
Tokyo Musashino United F.C. 東京武蔵野ユナイテッドFC
72%
Tokyo United F.C. 東京ユナイテッドフットボールクラブ
72%
Tokyo Verdy 東京ヴェルディ
72%
Urawa Red Diamonds 浦和レッドダイヤモンズ
72%
F.C. Ryukyu FC琉球
67%
Hokkaido Consadole Sapporo 北海道コンサトール札幌
67%
Iwaki FC 磐城FC
67%
Oita Trinita 大分トリニータ
67%
Tochigi City F.C. 栃木シティフットボールクラブ
67%
Tochigi S.C. 栃木S.C.
67%
V-Varen Nagasaki V・ファーレン長崎
67%
F.C. Imabari FC今治
61%
Fuji Club 2003 富士クラブ2003
61%
Matsumoto Yamaga F.C. 松本山雅FC
61%
Roasso Kumamoto ロアッソ熊本
61%
SC Sagamihara SC相模原
61%
Ehime F.C. 愛媛FC
56%
Vegalta Sendai ベガルタ仙台
56%
Blaublitz Akita ブラウブリッツ秋田
50%
Fagiano Okayama ファジアーノ岡山
50%
FC.Sendai.Univ FC.SENDAI.UNIV
50%
Kamatamare Sanuki カマタマーレ讃岐
50%
Nagoya Soccer Club 名古屋サッカークラブ
50%
Omiya Ardija 大宮アルディージャ
50%
Omiya S.C. 大宮サッカークラブ
50%
Renofa Yamaguchi レノファ山口
50%
Ventforet Kofu ヴァンフォーレ甲府
50%
AC Nagano Parceiro AC長野パルセイロ
44%
Azul Claro Numazu アズルクラロ沼津
44%
Fujieda City Hall S.C. 藤枝市役所サッカー部
44%
Montedio Yamagata モンテディオ山形
44%
Niigata University of Health and Welfare F.C. 新潟医療福祉大学FC
44%
Thespakusatsu Gunma ザスパクサツ群馬
44%
Tokushima Vortis 徳島ヴァルティス
44%
Y.S.C.C. Yokohama 横浜スポーツ&カルチャークラブ
44%
Zweigen Kanazawa ツエーゲン金沢
44%
F.C. Tokushima FC徳島
39%
Fujieda MYFC 藤枝MYFC
39%
Gainare Tottori ガイナーレ鳥取
39%
Giravanz Kitakyushu ギラヴァンツ北九州
33%
Iwate Grulla Morioka いわてグルージャ盛岡
33%
Tegevajaro Miyazaki テゲバジャーロ宮崎
33%
F.C. ISE-SHIMA FC.ISE-SHIMA
28%
Honda FC ホンダFC
28%
Joyful Honda Tsukuba F.C. ジョイフル本田つくばFC
28%
Kataller Toyama カターレ富山
28%
Okinawa SV 沖縄SV
28%
Suzuka Point Getters 鈴鹿ポイントゲッターズ
28%
Vanraure Hachinohe ヴァンラーレ八戸
28%
Briobecca Urayasu ブリオベッカ浦安
22%
Criacao Shinjuku クリアソン新宿
22%
FC Maruyasu Okazaki FCマルヤス岡崎
22%
F.C. Nobeoka AGATA FC延岡AGAT
22%
FC Tiamo Hirakata FCティアモ枚方
22%
Matsumoto Unvi. FC Matsucelona 松本大学FCマツセロナ
22%
Reilac Shiga F.C. レイラック滋賀FC
22%
Kobe F.C. 1970 神戸FC1970
17%
Sony Sendai F.C. ソニー仙台F.C.
17%
Veroskronos Tsuno ヴェロスクロノス都農
17%
AS Kariya AS刈谷
11%
BTOP Thank Kuriyama BTOPサンクくりやま
11%
Chukyo University F.C. 中京大学FC
11%
Chukyo univ.F.C.II Chukyo univ.FC II
11%
F.C. Kariya FC刈谷
11%
Fukuyama City F.C. 福山シティフットボールクラブ
11%
Hannan University Club 阪南大クラブ
11%
Hannan University Revolution 阪南大Revolution
11%
MinebeamMitsumi F.C. ミネベアミツミFC
11%
Nankatsu S.C. 南葛SC
11%
Ococias Kyoto AC おこしやす京都AC
11%
ReinMeer Aomori FC レインメールFC
11%
Ryutsu Keizai Dragons Ryugasaki 流通経済大学ドラゴンズ龍ヶ崎
11%
Toin University of Yokohama F.C. 桐蔭横浜大学FC
11%
Tokoha University Hamamatsu Campus F.C. 常葉大学浜松キャンパスFC
11%
Tokyo International University F.C. 東京国際大学FC
11%
Toyama Shinjo Club 富山新庄クラブ
11%
Toyota Shukyudan トヨタ蹴球団
11%
Verspah Oita ヴェルスパ大分
11%
Vonds Ichihara VONDS市原
11%
'05 Kamo F.C. '05加茂FC
6%
Akita F.C. Cambiare 秋田FCカンビアーレ
6%
Antelope Shiojiri アンテロープ塩尻
6%
Ardore Kuwabara ARDORE桑原
6%
Aries Tokyo F.C. エリース東京FC
6%
Arterivo Wakayama アルテリーヴォ和歌山
6%
Artista Asama アルティスタ浅間
6%
AS Jamineiro ASジャミネイロ
6%
AS.Laranja Kyoto AS.Laranja Kyoto
6%
Asuka F.C. 飛鳥フットボールクラブ
6%
Atsugi Hayabusa F.C. 厚木はやぶさFC
6%
Aventura Kawaguchi アヴェントゥーラ川口
6%
Azalee Iida アザリー飯田
6%
Belugarosso Iwami ベルがロッソいわみ
6%
Blancdieu Hirosaki F.C. ブランデュー弘前FC
6%
Bogolle.D.Tsugaru ボゴーレ.D.津軽FC
6%
Brew Kashima Brew KASHIMA
6%
Cento Cuore HARIMA Cento Cuore HARIMA
6%
Cobaltore Onagawa コバルトーレ女川
6%
CUPS Seiro CUPS聖籠
6%
Esperanza S.C. エスペランサ・スポーツクラブ
6%
F.C. AWJ FC.AWJ
6%
F.C. Baleine Shimonoseki FCバレイン下関
6%
FC BASARA HYOGO FC BASARA HYOGO
6%
F.C. Bonbonera FC Bonbonera
6%
F.C. Ganju Iwate FCガンジュ岩手
6%
F.C. Hokuriku FC北陸
6%
FC La Universidad de Sendai FC La Universidad de Sendai
6%
FC La Universidad de Sendai Second FC La Universidad de Sendai セグンダ
6%
FC Parafrente Yonezawa FCパラフレンチ米沢
6%
F.C. Primeiro FCプリメーロ
6%
F.C. R,S,G FC R,S,G
6%
F.C. Toyko FC東京
6%
Gakunan F. Mosuperio 岳南Fモスペリお
6%
Hatsukaichi F.C. 廿日市FC
6%
Hitachi Building System S.C. 日立ビルシステム
6%
Hokkaido Tokachi Sky Earth 北海道十勝スカイアース
6%
Hokushukai Iwamizawa 北蹴会 岩見沢
6%
Hokuto Bank S.C. 北都銀行サッカー部
6%
Identy Mirai アイデンティみらい
6%
International Pacific University F.C. 環太平洋大学FC
6%
Iwaki Furukawa F.C. いわき古河FC
6%
Japan Soccer Collge JAPANサッカーカレッジ
6%
J-Lease F.C. ジェイリースFC
6%
Kajiki F.C. KAJIKI F.C.
6%
Kansai University F.C. 2008 関大FC2008
6%
Kawasoe Club 川副クラブ
6%
KMG Holdings F.C. KMGホールディングスFC
6%
KUFC Nankoku KUFC南国
6%
Kuzumaki Club 葛巻クラブ
6%
Kyokushukai 旭蹴会
6%
Kyoto Shiko S.C. 京都紫光サッカークラブ
6%
Kyushu Sogo Sport College 九州総合スポーツカレッジサッカー部
6%
Lagend Shiga F.C. レイジェンド滋賀FC
6%
Lascivo Aomori ラスィーボ青森
6%
Libertas Chikuma F.C. リベルタス千曲フットボールクラブ
6%
llamas Kochi llamas高知フットボールクラブ
6%
Lvnirosso N.C. レベニロッソNC
6%
Merry メリー
6%
Mitsubishi Motors Mizushima F.C. 三菱自動車水島FC
6%
Morioka Zebra 盛岡ゼブラ
6%
Moriyama Samurai 2000 守山侍2000
6%
Nagai Club 長井クラブ
6%
Nagara Club 長良クラブ
6%
Nakamura Club 中村クラブ
6%
NIFS Kanoya F.C. NIFS KANOYA FC
6%
Nippon Express S.C. 日本通運FC
6%
Nippon Steel Kamaishi S.C. 日本製鉄釜石サッカー部
6%
Nippon Steel Oita S.C. 日本製鉄大分サッカー部
6%
Norbritz Hokkaido ノルブリッツ北海道
6%
N-Style エヌスタイル
6%
NTN Okayama S.C. NTN岡山サッカー部
6%
Nu Pere Hiraizumi Maesawa ヌ・ペーレ平泉前沢
6%
Oyama S.C. 大山サッカークラブ
6%
Ricoh Industry Tohoku S.C. リコーインダストリー東北サッカー部
6%
R. Velho Takamatsu アルヴェリオ高松
6%
Sakai Phoenix 坂井フェニックス
6%
Sakai Trinitas 境トリニタス
6%
Sapporo Shukyudan 札幌蹴球団
6%
Sapporo University Goal Plunderers 札大GOAL PLUNDERERS
6%
Saruta Kogyo F.C. 猿田興業サッカー部
6%
Sendai SASUKE. F.C. 仙台SASUKE.FC
6%
Shichigahama S.C. 七ヶ浜サッカークラブ
6%
Shichinohe S.C. 七戸サッカークラブ
6%
SRC Hiroshima SRC広島
6%
SR Komatsu SR Komatsu
6%
St.Andrew's F.C. St.Andrew's FC
6%
Tadotsu F.C. 多度津FC
6%
Takasago Mineiro F.C. 高砂ミネイロFC
6%
TDK Shinwakai S.C. TDK親和会サッカー部
6%
Toho Titanium S.C. 東邦チタニウムサッカー部
6%
Tokai Gakuen Univ. Tokai Gakuen Univ
6%
Tonan Maebashi tonan前橋
6%
Vajra Okayama ヴァジュラ岡山
6%
Veertien Mie ヴィアティン三重
6%
Vertfee Yaita ヴェルフェ矢板
6%
Wyvern Wyvern
6%
Yazaki Valente F.C. 矢崎バレンテフットボールクラブ
6%
Yokohama Takeru F.C. 横浜猛蹴フットボールクラブ
6%
Yonago Genki S.C. Yonago Genki SC
6%
No matching quizzes found
Score Distribution
Percent of People with Each Score
Percentile by Number Answered
Your Score History
You have not taken this quiz